|
|
|
|
| LEADER |
00000caa a2200000 c 4500 |
| 001 |
1621833895 |
| 003 |
DE-627 |
| 005 |
20220606121924.0 |
| 007 |
tu |
| 008 |
080228s1997 xx ||||| 00| ||ger c |
| 035 |
|
|
|a (DE-627)1621833895
|
| 035 |
|
|
|a (DE-576)277769043
|
| 035 |
|
|
|a (DE-599)BSZ277769043
|
| 035 |
|
|
|a (DE-615)00670864
|
| 040 |
|
|
|a DE-627
|b ger
|c DE-627
|e rakwb
|
| 041 |
|
|
|a ger
|
| 084 |
|
|
|a RA05.01
|2 fivr
|
| 084 |
|
|
|a SG03.02
|2 fivs
|
| 084 |
|
|
|a SF10
|2 fivs
|
| 100 |
1 |
|
|a Schirrmacher, Gesa
|0 (DE-627)1243695889
|0 (DE-576)173695884
|4 aut
|
| 109 |
|
|
|a Schirrmacher, Gesa
|a Schirrmacher, G.
|
| 245 |
1 |
0 |
|a Heroinabgabe an Strafgefangene - eine Chance?
|c Gesa Schirrmacher
|
| 264 |
|
1 |
|c 1997
|
| 336 |
|
|
|a Text
|b txt
|2 rdacontent
|
| 337 |
|
|
|a ohne Hilfsmittel zu benutzen
|b n
|2 rdamedia
|
| 338 |
|
|
|a Band
|b nc
|2 rdacarrier
|
| 650 |
0 |
7 |
|0 (DE-588)4140775-1
|0 (DE-627)105625388
|0 (DE-576)209705663
|a Drogenpolitik
|2 gnd
|
| 650 |
0 |
7 |
|0 (DE-588)4071628-4
|0 (DE-627)106097237
|0 (DE-576)209184523
|a Gefängnis
|2 gnd
|
| 650 |
0 |
7 |
|0 (DE-588)4022782-0
|0 (DE-627)10446710X
|0 (DE-576)208945814
|a Gefangener
|2 gnd
|
| 650 |
0 |
7 |
|0 (DE-588)4138597-4
|0 (DE-627)104577576
|0 (DE-576)209687398
|a Drogenabhängigkeit
|2 gnd
|
| 650 |
0 |
7 |
|0 (DE-588)4198658-1
|0 (DE-627)105187038
|0 (DE-576)210123443
|a Drogenkonsum
|2 gnd
|
| 650 |
0 |
7 |
|0 (DE-588)4159621-3
|0 (DE-627)105483982
|0 (DE-576)209851694
|a Heroin
|2 gnd
|
| 650 |
0 |
7 |
|0 (DE-588)4209283-8
|0 (DE-627)104353201
|0 (DE-576)210191112
|a Einflussgröße
|2 gnd
|
| 650 |
0 |
7 |
|0 (DE-588)4048737-4
|0 (DE-627)106189719
|0 (DE-576)20907907X
|a Recht
|2 gnd
|
| 651 |
|
7 |
|0 (DE-588)4011882-4
|0 (DE-627)104704861
|0 (DE-576)208896155
|a Deutschland
|2 gnd
|
| 773 |
0 |
8 |
|i In
|t Zeitschrift für Rechtspolitik
|d München : Beck, 1968
|g 30(1997), 6, Seite 242 - 246
|w (DE-627)129457914
|w (DE-600)200145-7
|w (DE-576)014821311
|x 0514-6496
|7 nnas
|
| 773 |
1 |
8 |
|g volume:30
|g year:1997
|g number:6
|g pages:242 - 246
|
| 935 |
|
|
|a mkri
|
| 936 |
f |
i |
|0 (DE-627)1756131678
|a RA05.01
|b Deutschland
|k Europa
|k Mitteleuropa
|k Deutschland
|2 fivr
|
| 936 |
f |
i |
|0 (DE-627)1756136017
|a SG03.02
|b Gesundheit
|k Gesellschaft
|k Sozialpolitik/Soziales
|k Gesundheit
|2 fivs
|
| 936 |
f |
i |
|0 (DE-627)1756135886
|a SF10
|b Recht
|k Staat
|k Recht
|2 fivs
|
| 938 |
1 |
0 |
|0 (DE-627)175614625X
|0 (DE-615)6603417
|a Deutschland
|2 fivt
|
| 938 |
1 |
0 |
|0 (DE-627)1756158290
|0 (DE-615)6602521
|a Drogenpolitik
|2 fivt
|
| 938 |
1 |
0 |
|0 (DE-627)1756213917
|0 (DE-615)6610002
|a Gefängnis
|2 fivt
|
| 938 |
1 |
0 |
|0 (DE-627)1756159491
|0 (DE-615)6602310
|a Gefangene
|2 fivt
|
| 938 |
1 |
0 |
|0 (DE-627)1756197660
|0 (DE-615)6600831
|a Drogenabhängigkeit/Drogenkonsum
|2 fivt
|
| 938 |
1 |
0 |
|0 (DE-627)1756207917
|0 (DE-615)6605949
|a Heroin
|2 fivt
|
| 938 |
1 |
0 |
|0 (DE-627)1756212252
|0 (DE-615)6606294
|a Rechtliche Faktoren
|2 fivt
|
| 938 |
1 |
1 |
|0 (DE-627)1756241317
|0 (DE-615)6607892
|a Internationaler Vergleich/Ländervergleich
|2 fiva
|
| 938 |
1 |
1 |
|0 (DE-627)1756140928
|0 (DE-615)6603944
|a Vereinigtes Königreich
|2 fiva
|
| 938 |
1 |
1 |
|0 (DE-627)1756141800
|0 (DE-615)6603805
|a Schweiz
|2 fiva
|
| 938 |
1 |
1 |
|0 (DE-627)1756231605
|0 (DE-615)6609185
|a Strafvollzug
|2 fiva
|
| 938 |
1 |
1 |
|0 (DE-627)1756217807
|0 (DE-615)6600320
|a Drogen/Rauschmittel
|2 fiva
|
| 951 |
|
|
|a AR
|
| ELC |
|
|
|b 1
|
| LOK |
|
|
|0 000 xxxxxcx a22 zn 4500
|
| LOK |
|
|
|0 001 3242572505
|
| LOK |
|
|
|0 003 DE-627
|
| LOK |
|
|
|0 004 1621833895
|
| LOK |
|
|
|0 005 20250909151808
|
| LOK |
|
|
|0 008 160208||||||||||||||||ger|||||||
|
| LOK |
|
|
|0 040
|a DE-21-110
|c DE-627
|d DE-21-110
|
| LOK |
|
|
|0 689
|a s
|a Strafvollzug
|
| LOK |
|
|
|0 689
|a s
|a Heroinabgabe
|
| LOK |
|
|
|0 852
|a DE-21-110
|
| LOK |
|
|
|0 852 1
|m p
|9 00
|
| LOK |
|
|
|0 935
|a k110
|
| LOK |
|
|
|0 938
|k p
|
| LOK |
|
|
|0 939
|a 08-02-16
|b l01
|
| ORI |
|
|
|a SA-MARC-krimdoka001.raw
|